Statistics for Pretty Little Liars Seasons 1 and 2

Click here to take the quiz!

General Stats

  • This quiz has been taken 875 times
  • The average score is 15 of 23

Answer Stats

HintAnswer% Correct
"Hey _____, Is it just me or does that suiside note look familiar? -A"Emily
90%
"You were always my favourite. Want to make a deal? -A"Emily
90%
"Dead Girls Walking -A"Aria
89%
"Jenna can't hear us. She's blind"Hanna
88%
"Life is but a dream _____, and i'm your nightmare"Hanna
85%
"She knew to much -A"Aria
84%
"Your small, but your big"Spencer
81%
Aria ActressLucy Hale
79%
"The Real Teens of Rosewood"Spencer
73%
Hanna ActressAshley Benson
72%
SpobySpencer and Toby
69%
EzriaEzra and Aria
68%
Emily ActressShay Mitchell
67%
EmayaEmily and Maya
61%
Ezra ActorIan Harding
60%
Spencer ActressTroian Bellisario
55%
Emily's Swim TeamSharks
54%
Toby ActorKeegan Allen
52%
Caleb ActorTyler Blackburn
52%
HalebCaleb and Hanna
49%
Maya ActressBianca Lawson
28%
Paige ActressLindsey Shaw
28%
What does MonA offer Spencer in the series 2 finaleTo join Team A
13%

Score Distribution

Percentile by Number Answered

Percent of People with Each Score

Your Score History

You have not taken this quiz